Normal view
MARC view
- MUHAMMAD IRFAN KHAN
Entry Personal Name
001 - CONTROL NUMBER
- control field: 73172
003 - CONTROL NUMBER IDENTIFIER
- control field: NUST
005 - DATE AND TIME OF LATEST TRANSACTION
- control field: 20210628204958.0
008 - FIXED-LENGTH DATA ELEMENTS
- fixed length control field: 210628|| aca||aabn | a|a d
040 ## - CATALOGING SOURCE
- Original cataloging agency: NUST
- Transcribing agency: NUST
100 ## - HEADING--PERSONAL NAME
- Personal name: MUHAMMAD IRFAN KHAN
670 ## - SOURCE DATA FOUND
- Source citation: Work cat.: (NUST): MUHAMMAD IRFAN KHAN, TH-SOF-1769-Classification of Indoor vs Outdoor induction labour success, 2020
